The art of war = (Record no. 342226)

000 -LEADER
fixed length control field 01374cam a2200361 a 4500
001 - CONTROL NUMBER
control field 3022046
003 - CONTROL NUMBER IDENTIFIER
control field NUST
005 - DATE AND TIME OF LATEST TRANSACTION
control field 20171213163845.0
008 - FIXED-LENGTH DATA ELEMENTS--GENERAL INFORMATION
fixed length control field 940504s1994 nyua b 001 0 eng
010 ## - LIBRARY OF CONGRESS CONTROL NUMBER
LC control number 94153517
020 ## - INTERNATIONAL STANDARD BOOK NUMBER
International Standard Book Number 1566192978 (casebound)
020 ## - INTERNATIONAL STANDARD BOOK NUMBER
International Standard Book Number 1566192986 (special)
040 ## - CATALOGING SOURCE
Original cataloging agency DLC
Transcribing agency DLC
Modifying agency DLC
041 1# - LANGUAGE CODE
Language code of text/sound track or separate title eng
Language code of original chi
050 00 - LIBRARY OF CONGRESS CALL NUMBER
Classification number U101
Item number .S95 1994b
082 00 - DEWEY DECIMAL CLASSIFICATION NUMBER
Classification number 355.02
Author Mark SAW
100 0# - MAIN ENTRY--PERSONAL NAME
Personal name Sunzi,
Dates associated with a name active 6th century B.C.
9 (RLIN) 7234
240 10 - UNIFORM TITLE
Uniform title Sunzi bing fa.
Language of a work English
245 14 - TITLE STATEMENT
Title The art of war =
Remainder of title [Sunzi bing fa] /
Statement of responsibility, etc. Sun-tzu ; translated, with introductions and commentary by Ralph D. Sawyer ; with the collaboration of Mei-Chün Lee Sawyer.
260 ## - PUBLICATION, DISTRIBUTION, ETC.
Place of publication, distribution, etc. New York :
Name of publisher, distributor, etc. Barnes & Noble,
Date of publication, distribution, etc. 1994.
300 ## - PHYSICAL DESCRIPTION
Extent 375 p. :
Other physical details ill. ;
Dimensions 22 cm.
500 ## - GENERAL NOTE
General note Parallel title in Chinese characters.
504 ## - BIBLIOGRAPHY, ETC. NOTE
Bibliography, etc. note Includes bibliographical references and index.
650 #0 - SUBJECT ADDED ENTRY--TOPICAL TERM
Topical term or geographic name entry element Military art and science
Form subdivision Early works to 1800.
9 (RLIN) 7235
700 1# - ADDED ENTRY--PERSONAL NAME
Personal name Sawyer, Ralph D.
9 (RLIN) 7236
700 1# - ADDED ENTRY--PERSONAL NAME
Personal name Sawyer, Mei-Chün.
9 (RLIN) 7237
740 0# - ADDED ENTRY--UNCONTROLLED RELATED/ANALYTICAL TITLE
Uncontrolled related/analytical title Sunzi bing fa.
856 42 - ELECTRONIC LOCATION AND ACCESS
Materials specified Publisher description
Uniform Resource Identifier <a href="http://www.loc.gov/catdir/description/ste041/94153517.html">http://www.loc.gov/catdir/description/ste041/94153517.html</a>
906 ## - LOCAL DATA ELEMENT F, LDF (RLIN)
a 7
b cbc
c orignew
d 2
e ncip
f 19
g y-gencatlg
942 ## - ADDED ENTRY ELEMENTS (KOHA)
Source of classification or shelving scheme
Koha item type Book
987 ## - LOCAL ROMANIZATION/CONVERSION HISTORY (OCLC)
Romanization/conversion identifier PINYIN
Agency that converted, created or reviewed DLC
Date of conversion or review 20030313
Status code c
Holdings
Withdrawn status Lost status Source of classification or shelving scheme Damaged status Not for loan Collection code Permanent Location Current Location Shelving location Date acquired Total Checkouts Total Renewals Full call number Barcode Date last seen Date last checked out Copy number Price effective from Koha item type
            Central Library (CL) Central Library (CL) Book Cart 12/13/2017 5 9 355.02 SAW CL2575 08/15/2024 07/18/2023 1 12/13/2017 Book
© 2023 Central Library, National University of Sciences and Technology. All Rights Reserved.